Statystyki dla Mało popularny język europejski

Kliknij tutaj aby rozwiązać quiz!

Ogólne statystyki

  • Ten quiz został rozwiązany 8 razy
  • Średni wynik to 3 z 5

Statystyki odpowiedzi

HintOdpowiedź% Poprawnych
3.estoński
100%
5.fiński
71%
1.węgierski
57%
4.bułgarski
43%
2.holenderski
29%

Rozkład punktacji

Percentyl według liczby udzielonych odpowiedzi

Procent ludzi z każdym wynikiem

Twoja historia wyników

Nie rozwiązałeś tego quizu